00830nam a2200241Ia 4500003000900000008004100009020001800050040001600068080002000084245011400104260003700218300001400255650001800269650004900287650002200336650002200358700002900380700002900409700003200438942000700470999001500477952009600492IN-BaIIA211028s9999 xx 000 0 eng d a0-8243-0907-3 cIIA Library a047.1:52bARA-8 0aAnnual review of astronomy and astrophysicsbvol. 8cedited by Leo Goldberg, David Layzer and John G. Philips aCaliforniabAnnual Reviewsc1970 aix, 495p. aAstronomy980 aAstronomy and Astrophysics Thesaurus 91143 aAstrophysics9794 aPeriodicals98955 aGoldberg, Leo, ed.94090 aLayzer, David, ed.94091 aPhilips, John G., ed.97607 cBK c5039d5039 00104070aBANbKAVcGENd1976-09-16l0o047.1:52/ ARA-8p5629r2021-11-05w1976-09-16yBK